| 000 | 00564nam a2200193Ia 4500 | ||
|---|---|---|---|
| 001 | 12910 | ||
| 003 | GE_BSU | ||
| 008 | 181216s||||||||xx |||||||||||||| ||und|| | ||
| 040 | _cGE_BSU | ||
| 080 | _a576.89 | ||
| 245 | _aПаразиты животных и растении.Вып.4 | ||
| 245 | _cРед.колл.М.Ф.Ярошенко Ред.Л.З.Родионова | ||
| 260 | _aМосква | ||
| 260 | _bНаука | ||
| 260 | _c1968 | ||
| 300 | _a250стр.илл.27см. | ||
| 653 | _aПаразиты животных и растении | ||
| 942 | _cBK | ||
| 999 |
_c46080 _d46080 |
||